ბათუმის შოთა რუსთაველის სახელმწიფო უნივერსიტეტის ბიბლიოთეკა

Экономика предприятия (ბიბ.ჩანაწერი № 36937)

000 -LEADER
fixed length control field 00786nam a2200217Ia 4500
001 - CONTROL NUMBER
control field 2888
003 - CONTROL NUMBER IDENTIFIER
control field GE_BSU
008 - FIXED-LENGTH DATA ELEMENTS--GENERAL INFORMATION
fixed length control field 181216s||||||||xx |||||||||||||| ||und||
020 ## - INTERNATIONAL STANDARD BOOK NUMBER
International Standard Book Number 5858730272
040 ## - CATALOGING SOURCE
Transcribing agency GE_BSU
080 ## - UNIVERSAL DECIMAL CLASSIFICATION NUMBER
Universal Decimal Classification number 658.45(075.8)
245 ## - TITLE STATEMENT
Title Экономика предприятия
245 ## - TITLE STATEMENT
Statement of responsibility, etc. Под редакцией академика Max Bill. Доктора экономических наук, проф. Б.М.Семенова. главный ред. серии канд. экон. наук: А. И Ковалев.
260 ## - PUBLICATION, DISTRIBUTION, ETC.
Place of publication, distribution, etc. Москва
260 ## - PUBLICATION, DISTRIBUTION, ETC.
Name of publisher, distributor, etc. центр экономики и маркетинга
260 ## - PUBLICATION, DISTRIBUTION, ETC.
Date of publication, distribution, etc. 1998
300 ## - PHYSICAL DESCRIPTION
Extent 312. с 20. см
653 ## - INDEX TERM--UNCONTROLLED
Uncontrolled term Экономика предприятия
942 ## - ADDED ENTRY ELEMENTS (KOHA)
Koha item type წიგნი
ეგზემპლარები
Withdrawn status Lost status Damaged status Not for loan Date acquired Barcode Date last seen Price effective from Koha item type Public note
        2018-12-17 7840 2018-12-17 2018-12-17 წიგნი დარბაზი
        2018-12-17 8198 2018-12-17 2018-12-17 წიგნი დარბაზი
        2018-12-17 7839 2018-12-17 2018-12-17 წიგნი დარბაზი